000 00605nam a22001577a 4500
008 160427b xxu||||| |||| 00| 0 eng d
082 _22011
_aUT 0289
_bB32
100 _96444
_aBatuyong, Mary Grace V.
245 _aPerception on drug addiction smonjg students of the University of Mindanao Digos College/
_cMary Grace V. Batuyong, Joy Marie G. Tapales and Stephanie S. Samal.
260 _aDigos City:
_bUMDC
_cMay 2011.
300 _a50 pages;
_c27 cm.
650 0 _96448
_aNursing
_xUndergraduate thesis.
700 _96453
_aTapales, Joy Marie G.
700 _96455
_aSamal, Stephanie G.
942 _2ddc
_cUT
999 _c2006
_d2006